000
00307nam a22001337a 4500
008
170802b xxu||||| |||| 00| 0 eng d
020
_a
9781934865163
041
_a
eng
080
_a
004
100
_a
32
101
_a
SHK
245
_a
A PRACTICAL GUIDE TO CARLSON SURVEY 2014
_c
ELLIS,R
942
_2
udc
_c
BK
999
_c
22515
_d
22515